000 00291nam a22001337a 4500
008 170505b xxu||||| |||| 00| 0 eng d
020 _a351515
041 _aeng
080 _22ND
_a34
100 _a34
101 _aSHJ
245 _aFUNDAMENTALS OF COUNSELING
_cSHERTZER
942 _2udc
_cBK
999 _c12757
_d12757